000 00893nam a2200253 a 4500
001 49190
003 BD-RjUL
005 20211209054640.0
008 160818s1966 enk 000 0 eng
035 _a(BD-RjUL)49309
040 _aDLC
_cOAU
_dUk
_dDLC
_beng
041 _aeng
082 _223
_a354.41001
_bKEH 1966
100 1 0 _aKelsall, R. Keith
_q(Roger Keith),
_d1910-
_9147863
245 1 0 _aHigher civil servants in Britain :
_bfrom 1870 to the present day /
_cR. Keith Kelsall
260 _aLondon :
_bRoutledge and Paul,
_c1955 [impression 1966]
300 _axvi, 233 p. ;
_c23 cm.
490 0 _aInternational library of sociology and social reconstruction
504 _aInclude bibliography and index
650 0 _aCivil service
_zGreat Britain.
_9145412
830 _aInternational library of sociology and social reconstruction
_9147867
942 _2ddc
_cBK
999 _c49190
_d49190